Normal view
MARC view
- المالية العامة
Entry Topical Term
001 - CONTROL NUMBER
- control field: 30173
003 - CONTROL NUMBER IDENTIFIER
- control field: JO-AjAnu
005 - DATE AND TIME OF LATEST TRANSACTION
- control field: 20230606075108.0
008 - FIXED-LENGTH DATA ELEMENTS
- fixed length control field: 230606|| aca||aabn | a|a d
040 ## - CATALOGING SOURCE
- Original cataloging agency: JO-AjAnu
- Transcribing agency: JO-AjAnu
150 ## - HEADING--TOPICAL TERM
- Topical term or geographic name entry element: المالية العامة
670 ## - SOURCE DATA FOUND
- Source citation: Work cat.: (JO-AjAnu)15497: مطر،موسى /م.مشارك: شقير نوري، ياسر المومني, author 30172, المالية الدولية